| 000 | 00894nas a2200277 4500 | ||
|---|---|---|---|
| 001 | BR0203389 | ||
| 003 | BR-BrBNA | ||
| 005 | 20231205103058.0 | ||
| 007 | ta | ||
| 008 | 230509b bl.|||p| |||| 00| 00por d | ||
| 040 |
_aBR-BrBNA _bpor _cBiblioteca Nacional de Agricultura |
||
| 041 | _a(Pt) | ||
| 072 | _aF30 | ||
| 100 | 1 | _aMachado, G.M.E. | |
| 100 | 1 | _aRegazzi, A.J. | |
| 100 | 1 | _aViana, J.M.S. | |
| 100 | 1 | _aGranate, M.J. | |
| 245 | 1 | _aEstimação de parâmetros genéticos de uma população amazônica de cupuaçuzeiro (Theobroma grandiflorum (Willd ex Spreng ) Schum) | |
| 650 | _aCUPUAÇU | ||
| 650 | _aMELHORAMENTO GENÉTICO VEGETAL | ||
| 650 | _aVARIAÇÃO GENÉTICA | ||
| 650 | _aHEREDITARIEDADE | ||
| 773 | 0 |
_tRevista Ceres (Brazil) _xISSN 0034-737X _g(Jan-Feb 2002), v. 49(281) p. 13-27 _wBR0203389 |
|
| 909 |
_a202311 _bLúcia _c55 _dLúcia Elande |
||
| 942 |
_2AGRIS _n0 _cANA |
||
| 999 |
_c170942 _d170942 |
||